Nan ren de shi yan, xiang 100% chuan xian nai = Why do you trust a guy like him?

Bibliographic Details
Main Author: Gao ye
Format: Book
Published: [s.l] : Tai Yang Shi , 2006
Subjects:

MARC

LEADER 00000cam a2200000 7i4500
001 0000027059
005 20090812.0
008 090812
020 |a 9574704947 
090 0 0 |a 155.632   |b GAO 
100 1 |a Gao ye 
245 1 0 |a Nan ren de shi yan, xiang 100% chuan xian nai = Why do you trust a guy like him?   |c Gao ye 
260 |a [s.l] :   |b Tai Yang Shi ,   |c 2006 
650 0 |a Man-woman relationships 
650 0 |a Men   |x Psychology 
999 |a 0001037228   |b Book   |c Chinese Collection   |e Perbadanan Perpustakaan Awam Johor